| 000 | 00483nam a2200193Ia 4500 | ||
|---|---|---|---|
| 005 | 20230228115354.0 | ||
| 008 | 230125s9999 xx 000 0 und d | ||
| 041 | _aeng | ||
| 082 |
_a658.312 44 _bBLA |
||
| 100 |
_aBlake R R _9108316 |
||
| 245 | _aProductivity: the human side | ||
| 260 |
_c1981 _bSuchandra publication _aMumbai |
||
| 300 | _a133p | ||
| 500 | _aHRM;HRM Gen | ||
| 650 |
_aHRM;HRM Gen _9119831 |
||
| 700 | _aBlake R R & Mouton J S | ||
| 906 | _b100 | ||
| 942 | _cDB | ||
| 999 |
_c89210 _d89210 |
||